Statistics for Naming Quarks and Leptons

Click here to take the quiz!

General Stats

  • This quiz has been taken 38 times
  • The average score is 9 of 12

Answer Stats

HintAnswer% Correct
Quarkdown
97%
Quarkup
97%
QuarkStrange
90%
QuarkBottom
81%
Quarktop
81%
Leptonelectron
77%
Quarkcharm
74%
Leptontau
68%
Leptonmuon
61%
Leptonelectron neutrino
52%
Leptonmuon neutrino
48%
Leptontau neutrino
48%

Score Distribution

Percentile by Number Answered

Percent of People with Each Score

Your Score History

You have not taken this quiz